| 000 | 00545nam a2200181Ia 4500 | ||
|---|---|---|---|
| 008 | 151018s9999 xx 000 0 und d | ||
| 082 |
_bRBASDV43953 _a891.463 |
||
| 100 | _aमोहन | ||
| 245 | _aहितोपदेश मनोरंजक कथा | ||
| 250 | _b2 | ||
| 260 |
_bक्ष _c2007 |
||
| 300 | _a30 | ||
| 600 | _aमोहन | ||
| 630 | _aहितोपदेश मनोरंजक कथा | ||
| 700 | _aमोहन | ||
| 730 | _aहितोपदेश मनोरंजक कथा | ||
| 942 | _cBOOK | ||
| 999 |
_c1043155 _d1043152 |
||